[Event "Chess.com Rapid Wk5 KO"]
[Site "Chess.com INT"]
[Date "2022.03.13"]
[Round "2.3"]
[White "Nakamura, Hikaru"]
[Black "Caruana, Fabiano"]
[Result "1-0"]
[WhiteElo "2750"]
[BlackElo "2781"]
[PlyCount "123"]
[EventDate "2022.03.13"]
[EventType "k.o. (rapid)"]
[EventRounds "3"]
[EventCountry "USA"]
[SourceTitle "CBM 207 Extra"]
[Source "ChessBase"]
[SourceDate "2022.05.31"]
[SourceVersion "1"]
[SourceVersionDate "2022.05.31"]
[SourceQuality "1"]

1. Nf3 d5 2. b3 Bf5 3. Bb2 e6 4. g3 Nf6 5. Bg2 h6 6. d3 Be7 7. Nbd2 O-O 8. O-O Nbd7 9. Ne5 Nxe5 10. Bxe5 Nd7 11. Bb2 Bh7 12. e4 c6 13. Qe2 a5 14. a3 $146 ({RR} 14. a4 Bf6 15. e5 Be7 16. f4 b5 17. Bh3 bxa4 18. Rxa4 Nc5 19. Ra2 a4 20. Rfa1 Rb8 21. bxa4 Nxa4 22. Bd4 c5 23. Rxa4 cxd4 24. Nb3 Qb6 25. Kh1 Rfc8 26. f5 exf5 27. Nxd4 g6 28. Nb3 Bf8 {Alarcon Bahamondes,R (2300)-Sivakumar,S (2277) San Jose CA USA 2024 1-0 (55)}) 14... b5 15. Rfd1 Re8 16. Nf3 Bf8 17. a4 Qb6 18. axb5 cxb5 19. exd5 exd5 20. Qd2 a4 21. b4 Rac8 22. Bd4 Qd6 23. c3 Nb8 24. Re1 Rxe1+ 25. Nxe1 Qe6 26. Nc2 Nc6 27. Be3 Ne5 28. Nd4 Qd7 29. Bf1 Be7 30. h3 Bf6 31. Rc1 Ra8 32. f4 Nc6 33. Nxb5 Nxb4 34. Na3 d4 35. cxd4 Bxd4 36. Rc4 Bxe3+ 37. Qxe3 Nd5 38. Qd4 Bf5 39. Bg2 Rd8 40. g4 Nf6 41. Qxd7 Bxd7 42. Rd4 Kf8 43. g5 Nh5 44. Kf2 Ke7 45. Bf3 g6 46. gxh6 Rh8 47. Bg4 Nf6 48. Bxd7 Nxd7 49. Rxa4 Rxh6 50. Kg3 Nc5 51. Ra7+ Kf6 52. Nc4 Nxd3 53. Nd6 Rh7 54. Ne4+ Kf5 55. Ng5 Rg7 56. Ra5+ Kf6 57. Rd5 Nb4 58. Rd7 Kf5 59. h4 Nc6 60. Rd5+ Kf6 61. Rd6+ Ke7 62. Rxc6 1-0

[Event "Titled Tuesday intern op 15 Mar Early"]
[Site "Chess.com INT"]
[Date "2022.03.15"]
[Round "5"]
[White "Nakamura, Hikaru"]
[Black "Le, Tuan Minh"]
[Result "1-0"]
[WhiteElo "2750"]
[BlackElo "2514"]
[PlyCount "51"]
[EventDate "2022.03.15"]
[EventType "swiss (blitz)"]
[EventRounds "11"]
[EventCountry "USA"]
[SourceTitle "CBM 207 Extra"]
[Source "ChessBase"]
[SourceDate "2022.05.31"]
[SourceVersion "1"]
[SourceVersionDate "2022.05.31"]
[SourceQuality "1"]

1. Nf3 d5 2. b3 Nf6 3. Bb2 Bg4 4. e3 Nbd7 5. d4 e6 6. Nbd2 Bd6 7. h3 Bh5 8. c4 c6 9. Bd3 O-O 10. Qc2 Bg6 11. Bxg6 $146 ({RR} 11. O-O a5 12. e4 dxe4 13. Nxe4 Nxe4 14. Bxe4 a4 15. Rfd1 Nf6 16. Bxg6 hxg6 17. Ne5 Qa5 18. Bc3 Qa6 19. Nd3 b5 20. Bb2 Rfd8 21. Rac1 axb3 22. axb3 Rab8 23. Ra1 Qb7 24. Bc3 Ra8 25. Ba5 Rdc8 {Waldhausen Gordon,F (2365)-Mamedov,E (2317) chess.com INT 2024 0-1 (83)}) 11... hxg6 12. O-O Re8 13. e4 dxe4 14. Nxe4 Nxe4 15. Qxe4 Qa5 16. a3 Rad8 17. Rfe1 Qf5 18. Qe2 g5 19. Rad1 Nf6 20. Ne5 c5 21. g4 Qh7 22. Kg2 cxd4 23. Bxd4 Bxa3 24. Qf3 Bb4 25. Qxb7 Bxe1 26. Qxf7+ 1-0

[Event "Titled Tuesday intern op 15 Mar Early"]
[Site "Chess.com INT"]
[Date "2022.03.15"]
[Round "5"]
[White "Postny, Evgeny"]
[Black "Jumabayev, Rinat"]
[Result "1-0"]
[WhiteElo "2568"]
[BlackElo "2628"]
[PlyCount "67"]
[EventDate "2022.03.15"]
[EventType "swiss (blitz)"]
[EventRounds "11"]
[EventCountry "USA"]
[SourceTitle "CBM 207 Extra"]
[Source "ChessBase"]
[SourceDate "2022.05.31"]
[SourceVersion "1"]
[SourceVersionDate "2022.05.31"]
[SourceQuality "1"]

1. Nf3 Nf6 2. c4 e6 3. g3 d5 4. Bg2 d4 5. O-O c5 6. d3 Nc6 7. Na3 ({RR} 7. e3 Bd6 8. exd4 cxd4 9. a3 a5 10. Bg5 h6 11. Bxf6 Qxf6 12. Nbd2 Qe7 13. Re1 O-O 14. Rc1 Rd8 15. Ne4 Bc7 16. c5 a4 17. Nfd2 Bd7 18. Nc4 Na5 19. Nxa5 Bxa5 20. Re2 Bc6 21. Nd6 Bc7 {Van Wely,L (2612)-Salem,A (2690) Abu Dhabi 2021 1-0 (56)}) 7... Bd6 ({RR} 7... e5 8. e3 Be7 9. Nc2 O-O 10. a3 a5 11. b3 Ra6 12. Re1 e4 13. Nh4 exd3 14. Qxd3 Ne5 15. Qf1 d3 16. f4 Ng6 17. Nxg6 hxg6 18. Rd1 Rd6 19. Nd4 Rxd4 20. exd4 Qxd4+ 21. Be3 Qxe3+ 22. Kh1 {Aleksandrov,A (2395)-Manvelyan,M (2176) Moscow RUS 2025 0-1 (38)}) 8. Bg5 $146 ({RR} 8. Nc2 e5 9. Bd2 O-O 10. a3 a5 11. b4 Re8 12. Ng5 h6 13. Ne4 Nxe4 14. Bxe4 f5 15. Bd5+ Kh8 16. bxc5 Bxc5 17. e4 Ne7 18. Bf7 Rf8 19. Qh5 Ra6 20. f3 Rxf7 21. Qxf7 Rg6 22. g4 f4 {Ivanusa,B (2054)-Urh,Z (2204) Ljubljana 2022 0-1 (39)}) 8... h6 9. Bxf6 Qxf6 10. Nd2 Qd8 11. Nc2 O-O 12. a3 a5 13. b3 Be7 14. Rb1 e5 15. Bd5 Kh8 16. e3 dxe3 17. fxe3 f5 18. Qh5 Kh7 19. Rf2 Bf6 20. Qe2 Ne7 21. Bg2 Ra6 22. Rbf1 Rd6 23. Ne1 e4 24. dxe4 Bc3 25. Nef3 Nc6 26. exf5 Bxf5 27. Ne4 Bxe4 28. Ng5+ hxg5 29. Bxe4+ Kg8 30. Rxf8+ Qxf8 31. Bh7+ Kxh7 32. Rxf8 Ne5 33. Qc2+ Rd3 34. Rd8 1-0

[Event "Titled Tuesday intern op 15 Mar Early"]
[Site "Chess.com INT"]
[Date "2022.03.15"]
[Round "6"]
[White "Aravindh, Chithambaram VR"]
[Black "Xiong, Jeffery"]
[Result "1-0"]
[WhiteElo "2611"]
[BlackElo "2686"]
[PlyCount "103"]
[EventDate "2022.03.15"]
[EventType "swiss (blitz)"]
[EventRounds "11"]
[EventCountry "USA"]
[SourceTitle "CBM 207 Extra"]
[Source "ChessBase"]
[SourceDate "2022.05.31"]
[SourceVersion "1"]
[SourceVersionDate "2022.05.31"]
[SourceQuality "1"]

1. b3 d5 2. Bb2 Bf5 3. Nf3 e6 4. e3 h6 5. c4 c6 6. Nc3 Nf6 7. Be2 Nbd7 8. d4 Bd6 9. O-O O-O 10. h3 ({RR} 10. Re1 Re8 11. Bf1 a6 12. g3 b5 13. Nd2 bxc4 14. bxc4 Rb8 15. Qc1 Qb6 16. Nb3 dxc4 17. Bxc4 c5 18. Na4 Qb7 19. Naxc5 Bxc5 20. dxc5 Bh3 21. Bf1 Bxf1 22. Rxf1 Rec8 23. Qc3 Nxc5 24. Nxc5 Qxb2 {Petriashvili,N (2475)-Skatchkov,V (2213) chess.com INT 2024 1-0 (32)}) 10... Qe7 11. Bd3 Ne4 $146 ({RR} 11... Rac8 12. Bxf5 exf5 13. cxd5 cxd5 14. Rc1 a6 15. Qd3 Qe6 16. Rc2 Ne4 17. Rfc1 Rc6 18. Ne2 Nb8 19. Ne5 Rxc2 20. Rxc2 Rc8 21. Nf4 Qe8 22. Nxd5 Rxc2 23. Qxc2 Bxe5 24. dxe5 Nc6 25. f3 Ng5 26. Qxf5 {Cardoso Cardoso,J (2330)-Svane,R (2594) Chess.com INT 2019 0-1 (36)}) 12. Qc2 Ndf6 13. Ne2 Ng5 14. Bxf5 Nxf3+ 15. gxf3 exf5 16. Qxf5 g6 17. Qc2 Nh7 18. f4 Nf6 19. Ng3 Rfe8 20. Kg2 Qd7 21. Rae1 Re7 22. f3 Rae8 23. Qf2 Bc7 24. Bc1 h5 25. Rg1 Kh7 26. Ne2 Qf5 27. Ng3 Qd3 28. Qd2 dxc4 29. Qxd3 cxd3 30. Rd1 Nd5 31. Nf1 Nxe3+ 32. Bxe3 Rxe3 33. Nxe3 Rxe3 34. Rge1 Rxe1 35. Rxe1 d2 36. Rd1 Bxf4 37. Kf2 Kg7 38. Ke2 Kf6 39. b4 Ke6 40. a4 Kd5 41. Kd3 g5 42. Rb1 a6 43. b5 axb5 44. axb5 c5 45. dxc5 Kxc5 46. b6 f5 47. Ke2 Kc6 48. Kd3 Kc5 49. Ke2 Kc4 50. Kd1 Kc3 51. Rb5 g4 52. Rxf5 1-0

[Event "Titled Tuesday intern op 15 Mar Early"]
[Site "Chess.com INT"]
[Date "2022.03.15"]
[Round "7"]
[White "Aravindh, Chithambaram VR"]
[Black "Bluebaum, Matthias"]
[Result "1-0"]
[WhiteElo "2611"]
[BlackElo "2642"]
[PlyCount "79"]
[EventDate "2022.03.15"]
[EventType "swiss (blitz)"]
[EventRounds "11"]
[EventCountry "USA"]
[SourceTitle "CBM 207 Extra"]
[Source "ChessBase"]
[SourceDate "2022.05.31"]
[SourceVersion "1"]
[SourceVersionDate "2022.05.31"]
[SourceQuality "1"]

1. b3 d5 2. Bb2 Bf5 3. Nf3 Nf6 4. e3 e6 5. h3 h6 6. c4 ({RR} 6. d3 a5 7. a3 Nbd7 8. Nbd2 Bh7 9. g3 Bd6 10. Bg2 O-O 11. O-O c6 12. Qe2 Qe7 13. e4 dxe4 14. dxe4 e5 15. Nh4 Rfd8 16. Nf5 Bxf5 17. exf5 Re8 18. Rfe1 Bc7 19. Rad1 Rad8 20. h4 Qc5 {Artemiev,V (2708)-Giri,A (2764) Chess.com INT 2020 ½-½}) ({RR} 6. g3 Nbd7 7. Bg2 c6 8. O-O Bd6 9. d3 Bh7 10. Nbd2 O-O 11. Qe2 a5 12. a4 e5 13. e4 Re8 14. Nh2 Bb4 15. Rad1 Qc7 16. Bf3 Bxd2 17. Rxd2 dxe4 18. Bxe4 Bxe4 19. dxe4 Nc5 20. f3 b5 {Waldhausen Gordon,F (2381)-Woodward,A (2544) chess.com INT 2025 0-1 (43)}) ({RR} 6. g4 Bh7 7. Rg1 Nbd7 8. h4 h5 9. g5 Ng4 10. Nc3 c6 11. d4 Qc7 12. Bd3 Bxd3 13. cxd3 f6 14. Qe2 O-O-O 15. O-O-O Qa5 16. Kb1 Bb4 17. Rc1 Rhf8 18. Rg2 Rde8 19. Ne1 e5 20. dxe5 fxe5 {Aravindh,C (2475)-Oparin,G (2552) Pune 2014 ½-½ (35)}) 6... c6 7. Nc3 Nbd7 8. d4 Bd6 $146 ({RR} 8... Ne4 9. a3 Ndf6 10. Bd3 Bd6 11. O-O Qe7 12. Ne2 Rd8 13. cxd5 exd5 14. Ne5 Bh7 15. f3 Nc5 16. Bxh7 Nxh7 17. Ng3 Qe6 18. f4 Nd7 19. e4 dxe4 20. Nxe4 O-O 21. Qc2 Ndf6 22. Ng3 Qd5 23. Kh2 {Morozevich,A (2659)-Khubukshanov,E (2408) Sochi RUS 2024 ½-½ (58)}) 9. Bd3 Bxd3 10. Qxd3 O-O 11. O-O a5 12. e4 dxe4 13. Nxe4 Nxe4 14. Qxe4 a4 15. g3 Qa5 16. Kg2 Rfd8 17. Rfd1 Be7 18. Qc2 Bf6 19. Bc3 Qa6 20. Ne5 Nxe5 21. dxe5 Be7 22. Qe4 b5 23. h4 b4 24. Bd4 c5 25. Be3 Bf8 26. Rab1 axb3 27. axb3 Qa2 28. h5 Rac8 29. Re1 Rc7 30. Rbd1 Rcd7 31. Rxd7 Rxd7 32. Qc6 Rd3 33. Qc8 Qa5 34. Rh1 Rxb3 35. Rd1 Rxe3 36. Rd8 Rxg3+ 37. Kxg3 Kh7 38. Rxf8 Qa3+ 39. f3 Qxf3+ 40. Kxf3 1-0

[Event "Titled Tuesday intern op 15 Mar Early"]
[Site "Chess.com INT"]
[Date "2022.03.15"]
[Round "8"]
[White "Bluebaum, Matthias"]
[Black "Rustemov, Alexander"]
[Result "1-0"]
[WhiteElo "2642"]
[BlackElo "2525"]
[PlyCount "89"]
[EventDate "2022.03.15"]
[EventType "swiss (blitz)"]
[EventRounds "11"]
[EventCountry "USA"]
[SourceTitle "CBM 207 Extra"]
[Source "ChessBase"]
[SourceDate "2022.05.31"]
[SourceVersion "1"]
[SourceVersionDate "2022.05.31"]
[SourceQuality "1"]

1. b3 d5 2. Bb2 Bf5 3. Nf3 Nf6 4. g3 e6 5. Bg2 h6 6. O-O Be7 7. d3 O-O 8. Nbd2 a5 9. a3 c5 ({RR} 9... Bh7 10. c4 Nc6 11. cxd5 exd5 12. Rc1 Re8 13. Re1 Bf8 14. Rc2 Nb8 15. Qc1 c5 16. Rxc5 Bxc5 17. Qxc5 Nbd7 18. Qb5 Re6 19. Bh3 Rb6 20. Qa4 Nc5 21. Qd4 Nxb3 22. Nxb3 Rxb3 23. Nd2 Rb5 24. Nf1 {Carlsen,M (2832)-Niemann,H (2733) Paris FRA 2024 1-0 (36)}) ({RR} 9... c6 10. Ne5 Nbd7 11. e4 Bh7 12. Nxd7 Nxd7 13. Qe2 Bf6 14. e5 Be7 15. Kh1 Qb6 16. Rab1 Bc5 17. f4 Bd4 18. c3 Bc5 19. d4 Be7 20. Ra1 Qa6 21. Qxa6 Rxa6 22. b4 Nb6 23. Rfc1 axb4 24. axb4 {Topalov,A (2233)-Pham Le Thao Nguyen (2388) chess.com INT 2025 0-1 (36)}) ({RR} 9... Bh7 10. Re1 Nbd7 11. e4 a4 12. b4 c5 13. exd5 exd5 14. bxc5 Bxc5 15. Bd4 Bd6 16. Qb1 Qc7 17. Qb2 Rfc8 18. Rec1 Bf8 19. Rab1 Ne8 20. Bh3 Nd6 21. Ne5 Bf5 22. Bg2 Nxe5 23. Bxe5 Be6 24. Nf3 {Bluebaum,M (2642)-Korchmar,V (2450) Chess.com INT 2022 1-0 (38)}) 10. Ne5 Nc6 11. e4 Bh7 12. Qe2 $146 ({RR} 12. Nxc6 bxc6 13. a4 Nd7 14. Qe2 Bf6 15. e5 Be7 16. f4 c4 17. g4 cxd3 18. cxd3 Rb8 19. d4 c5 20. Bc3 Qb6 21. Qe3 {½-½ (21) Heck,N (2324)-Rubel,J (2172) Germany 2009}) 12... Qc7 13. exd5 exd5 14. Ng4 Nd4 15. Qd1 Rfe8 16. Bxd4 cxd4 17. Nxf6+ Bxf6 18. Bxd5 Rac8 19. Rc1 b5 20. a4 Qc5 21. Be4 bxa4 22. bxa4 Bg5 23. f4 f5 24. Bf3 Be7 25. Nc4 Bf8 26. Re1 g5 27. Qd2 g4 28. Bg2 Kg7 29. Rb1 Rxe1+ 30. Rxe1 Qb4 31. Qxb4 Bxb4 32. Re5 Bg8 33. Bd5 Bxd5 34. Rxd5 Kf6 35. Kf2 Bc3 36. Rxf5+ Kxf5 37. Nd6+ Ke6 38. Nxc8 Kd7 39. Nb6+ Kc6 40. Nc4 Kc5 41. f5 Kb4 42. Nb6 Kc5 43. Nd7+ Kb4 44. f6 Kxa4 45. Nc5+ 1-0

[Event "Titled Tuesday intern op 15 Mar Early"]
[Site "Chess.com INT"]
[Date "2022.03.15"]
[Round "8"]
[White "Nakamura, Hikaru"]
[Black "Hammer, Jon Ludvig"]
[Result "1-0"]
[WhiteElo "2750"]
[BlackElo "2619"]
[PlyCount "65"]
[EventDate "2022.03.15"]
[EventType "swiss (blitz)"]
[EventRounds "11"]
[EventCountry "USA"]
[SourceTitle "CBM 207 Extra"]
[Source "ChessBase"]
[SourceDate "2022.05.31"]
[SourceVersion "1"]
[SourceVersionDate "2022.05.31"]
[SourceQuality "1"]

1. Nf3 Nf6 2. b3 d5 3. Bb2 Bf5 4. g3 h6 5. d3 e6 6. Nbd2 Bh7 7. Bg2 Be7 8. O-O O-O 9. Re1 Nfd7 $146 ({RR} 9... Nbd7 10. e4 dxe4 11. dxe4 Bc5 12. a3 a5 13. e5 Nd5 14. Nd4 c6 15. Be4 Bb6 16. Bxh7+ Kxh7 17. Nc4 Bc5 18. Qe2 Qc7 19. Rad1 Rfd8 20. Qg4 b5 21. Nd6 Nxe5 22. Rxe5 Nf6 23. Qf3 Bxd6 24. Nxe6 {Podgaets,M-Moiseev,O Riga 1970 1-0 (39)}) ({RR} 9... a5 10. a3 Nbd7 11. e4 c6 12. Qe2 Qb6 13. e5 Ne8 14. h4 a4 15. b4 c5 16. Bc3 Nc7 17. bxc5 Bxc5 18. d4 Be7 19. Reb1 Qc6 20. Bb4 Bxb4 21. Rxb4 b5 22. Rc1 Rfb8 23. Qe3 Na6 24. Rbb1 {Radjabov,T (2765)-Ding,L (2791) chess24.com INT 2020 ½-½ (58)}) ({RR} 9... c5 10. e4 Nc6 11. Ne5 Nxe5 12. Bxe5 Rc8 13. a4 Qd7 14. Qe2 Rfd8 15. Bb2 dxe4 16. Nxe4 Nxe4 17. Bxe4 Bxe4 18. Qxe4 Qd5 19. Qg4 Qg5 20. Qf3 Rd7 21. h4 Qd5 22. Qg4 Bf8 23. Re5 Qc6 24. Rae1 {Georgiadis,N (2547)-Prohaszka,P (2578) chess.com INT 2024 0-1 (48)}) 10. e4 Bf6 11. e5 Be7 12. h4 b5 13. Nf1 a5 14. a4 bxa4 15. Rxa4 Nb6 16. Rg4 a4 17. Ne3 axb3 18. cxb3 Nc6 19. Bf1 Kh8 20. Rf4 Ra2 21. Qb1 Ra8 22. Nc2 Qd7 23. g4 g5 24. hxg5 hxg5 25. Rf6 Bxf6 26. exf6 e5 27. Bh3 Bxd3 28. Qc1 Rg8 29. Nb4 Nxb4 30. Nxe5 Qe6 31. Ng6+ Rxg6 32. Rxe6 fxe6 33. Qxc7 1-0

[Event "Titled Tuesday intern op 15 Mar Late"]
[Site "Chess.com INT"]
[Date "2022.03.15"]
[Round "7"]
[White "Nakamura, Hikaru"]
[Black "Andreikin, Dmitry"]
[Result "1-0"]
[WhiteElo "2750"]
[BlackElo "2724"]
[PlyCount "81"]
[EventDate "2022.03.15"]
[EventType "swiss (blitz)"]
[EventRounds "11"]
[EventCountry "USA"]
[SourceTitle "CBM 207 Extra"]
[Source "ChessBase"]
[SourceDate "2022.05.31"]
[SourceVersion "1"]
[SourceVersionDate "2022.05.31"]
[SourceQuality "1"]

1. Nf3 d5 2. b3 Bf5 3. Bb2 e6 4. g3 Nf6 5. Bg2 c6 6. Nh4 Be4 ({RR} 6... Bg4 7. h3 Bh5 8. d3 Nbd7 9. Nd2 Bd6 10. g4 Bg6 11. e3 e5 12. Qe2 Qe7 13. O-O-O Ba3 14. Rhe1 a5 15. f4 h6 16. Nxg6 fxg6 17. fxe5 Nxe5 18. d4 Ned7 19. e4 O-O 20. Qd3 dxe4 21. Nxe4 {Erigaisi,A (2778)-Sebag,M (2454) chess.com INT 2024 1-0 (36)}) 7. f3 Bg6 8. Nxg6 hxg6 9. e3 $146 ({RR} 9. d4 c5 10. e3 Nc6 11. Nd2 Rc8 12. c3 e5 13. O-O cxd4 14. exd4 exd4 15. Re1+ Be7 16. cxd4 O-O 17. Re2 Qb6 18. Nf1 Rfe8 19. Ne3 Ba3 20. Bxa3 Nxd4 21. Rf2 Rxe3 22. Bb2 Ne2+ 23. Kh1 Nc3 {Galin,I (2294)-Gazizov,I (2186) Sterlitamak 2008 0-1 (38)}) 9... g5 10. f4 gxf4 11. exf4 Bc5 12. d4 Bb6 13. Nd2 Nbd7 14. Qe2 a5 15. a3 Qe7 16. O-O-O Bc7 17. Kb1 Bd6 18. Ka2 g6 19. c4 b5 20. cxb5 cxb5 21. Qxb5 O-O 22. Rc1 Rfb8 23. Qd3 Ng4 24. Qe2 Ndf6 25. Bh3 Nh6 26. Qd3 Qa7 27. Rc6 Bb4 28. Bxe6 Kg7 29. Bh3 Bxd2 30. Qxd2 Qb7 31. Qc2 Ne4 32. Rc1 Nf5 33. Bxf5 gxf5 34. h3 Rh8 35. Rc7 Qb6 36. g4 Rxh3 37. gxf5 Rb8 38. Rg1+ Kf8 39. Rc8+ Rxc8 40. Qxc8+ Ke7 41. f6+ 1-0

[Event "Charity Cup Prelim"]
[Site "chess24.com INT"]
[Date "2022.03.20"]
[Round "5"]
[White "Anton Guijarro, David"]
[Black "Ju, Wenjun"]
[Result "1-0"]
[WhiteElo "2694"]
[BlackElo "2560"]
[PlyCount "53"]
[EventDate "2022.03.19"]
[EventType "tourn (rapid)"]
[EventRounds "15"]
[EventCountry "GER"]
[EventCategory "18"]
[SourceTitle "CBM 207"]
[Source "ChessBase"]
[SourceDate "2022.04.30"]
[SourceVersion "1"]
[SourceVersionDate "2022.04.30"]
[SourceQuality "1"]

1. Nf3 d5 2. c4 d4 3. b4 c5 4. a3 f6 ({RR} 4... Nc6 5. b5 Na5 6. e3 g6 7. exd4 Bg7 8. d3 cxd4 9. g3 Nf6 10. Bg2 Nd7 11. a4 Nc5 12. Ba3 Nab3 13. O-O Qc7 14. Ra2 Bf5 15. Ne1 O-O 16. Nd2 Nxd2 17. Rxd2 Rab8 18. a5 Rfd8 19. Nc2 {Anton Guijarro,D (2679)-Nakamura,H (2768) chess.com INT 2023 0-1 (38)}) ({RR} 4... Nf6 5. g3 e6 6. Bg2 Bd7 7. Ne5 Qc7 8. Nxd7 Nbxd7 9. b5 a6 10. O-O axb5 11. cxb5 Bd6 12. d3 Nb6 13. a4 Nbd5 14. Bd2 O-O 15. Na3 Nd7 16. a5 Be7 17. Nc4 Ne5 18. Qb3 Nxc4 19. dxc4 {Anton Guijarro,D (2668)-Venkatesh,N (2175) chess.com INT 2025 1-0 (40)}) 5. g3 e5 6. Bg2 Nd7 $146 ({RR} 6... Nc6 7. b5 Na5 8. d3 Bd6 9. O-O Ne7 10. e3 Rb8 11. exd4 cxd4 12. a4 b6 13. Nfd2 O-O 14. Ne4 Bc7 15. Ba3 f5 16. Ng5 Bd6 17. Re1 h6 18. Nf3 Ng6 19. h4 Re8 20. h5 Nf8 21. Bxd6 {Oliva Castaneda,K (2515)-Valderrama Quiceno,E (2490) Sabadell 2019 1-0 (56)}) 7. O-O cxb4 8. e3 dxe3 9. fxe3 Nh6 10. d4 Be7 11. axb4 Bxb4 12. Qb3 Be7 13. c5 Nf7 14. Nc3 O-O 15. Rd1 exd4 16. exd4 f5 17. Nd5 Nf6 18. Nb6 axb6 19. Rxa8 bxc5 20. Ng5 Ne4 21. Nxf7 Rxf7 22. Bxe4 fxe4 23. Be3 Qf8 24. dxc5 h6 25. Qd5 Bf6 26. c6 b5 27. c7 1-0

[Event "Chess.com Rapid Wk6 Swiss"]
[Site "Chess.com INT"]
[Date "2022.03.19"]
[Round "7"]
[White "Kovalev, Vladislav"]
[Black "Grischuk, Alexander"]
[Result "1-0"]
[WhiteElo "2623"]
[BlackElo "2758"]
[PlyCount "131"]
[EventDate "2022.03.19"]
[EventType "swiss (rapid)"]
[EventRounds "9"]
[EventCountry "USA"]
[SourceTitle "CBM 207 Extra"]
[Source "ChessBase"]
[SourceDate "2022.05.31"]
[SourceVersion "1"]
[SourceVersionDate "2022.05.31"]
[SourceQuality "1"]

1. e4 e6 2. d3 c5 3. Nd2 Nc6 4. g3 g6 5. Bg2 Bg7 6. Ngf3 Nge7 7. O-O d6 8. a4 O-O 9. Re1 e5 10. Nc4 h6 11. c3 Be6 12. Rb1 a6 13. b4 cxb4 14. cxb4 b5 15. Na3 Rb8 16. Be3 Qd7 $146 ({RR} 16... d5 17. axb5 axb5 18. Bc5 Re8 19. Nd2 f5 20. Qe2 Bf7 21. Rec1 Qd7 22. Nb3 dxe4 23. dxe4 Nd4 24. Bxd4 Bxb3 25. Bxe5 Bxe5 26. Rxb3 f4 27. Rc5 Qe6 28. Rb1 Rf8 29. Rxb5 Rbc8 30. Nc2 Rc3 31. Ne1 {Paulauskaite,G (2082)-Vaitonis,V (1985) Panevezys 2013 0-1 (78)}) 17. axb5 axb5 18. d4 exd4 19. Nxd4 Ne5 20. Nxe6 Qxe6 21. Qe2 Nc4 22. Nxc4 bxc4 23. b5 Rfc8 24. Rec1 c3 25. Qd3 g5 26. b6 Nc6 27. b7 Rc7 28. Qa6 Qd7 29. e5 Bxe5 30. Bxc6 Rxc6 31. Qa8 d5 32. Ba7 Qd8 33. Bxb8 Bxb8 34. Rb4 Kg7 35. Rd4 Rc5 36. Qa3 Qc7 37. Rd3 Rb5 38. Qxc3+ Qxc3 39. Rcxc3 Rxb7 40. Rxd5 Ba7 41. Rcd3 Rb2 42. Rf3 Rb7 43. Kg2 Re7 44. Rfd3 Re2 45. Rd2 Re6 46. Rd7 Bc5 47. R2d5 Be7 48. Rf5 Kf8 49. Rf3 Ra6 50. Rb7 Rc6 51. Rd3 Rf6 52. Rdb3 g4 53. R3b5 Bd6 54. Rd5 Be7 55. Rb3 Rc6 56. Rd4 h5 57. Rd5 h4 58. gxh4 Bxh4 59. Rb4 Rf6 60. Rd2 Rg6 61. Rdd4 f5 62. Rf4 Kg7 63. Rxf5 Kh6 64. Rb7 Re6 65. Rbb5 Re2 66. Rh5+ 1-0

[Event "Chess.com Rapid Wk6 Swiss"]
[Site "Chess.com INT"]
[Date "2022.03.19"]
[Round "8"]
[White "Grandelius, Nils"]
[Black "Sjugirov, Sanan"]
[Result "1-0"]
[WhiteElo "2663"]
[BlackElo "2680"]
[PlyCount "69"]
[EventDate "2022.03.19"]
[EventType "swiss (rapid)"]
[EventRounds "9"]
[EventCountry "USA"]
[SourceTitle "CBM 207 Extra"]
[Source "ChessBase"]
[SourceDate "2022.05.31"]
[SourceVersion "1"]
[SourceVersionDate "2022.05.31"]
[SourceQuality "1"]

1. Nf3 d5 2. g3 b6 3. Bg2 Bb7 4. O-O e6 5. b3 ({RR} 5. c4 dxc4 6. Na3 Bxa3 7. bxa3 Nd7 8. Qc2 Ngf6 9. Qxc4 O-O 10. Bb2 c5 11. Rfd1 Rc8 12. Rac1 Bd5 13. Qh4 h6 14. d4 Qe7 15. dxc5 Rxc5 16. Rxc5 Qxc5 17. Qa4 Rc8 18. Bd4 Qc2 19. Qxc2 Rxc2 {Timerkhanov,A (2287)-Acikel,M (2172) chess.com INT 2025 1-0 (56)}) 5... Nf6 6. Bb2 c5 ({RR} 6... Be7 7. c4 dxc4 8. bxc4 O-O 9. d3 c5 10. Nbd2 Nc6 11. Ne5 Qc7 12. Nxc6 Bxc6 13. Bxc6 Qxc6 14. Nf3 Nd7 15. Qb3 Qc7 16. Bc3 Rab8 17. Rab1 Rb7 18. Rb2 Rfb8 19. Rfb1 a6 20. Qa4 Ra7 21. Qc2 {Artemiev,V (2700)-Fedoseev,V (2704) Warsaw 2021 1-0 (83)}) 7. c4 $146 ({RR} 7. e3 Be7 8. d4 O-O 9. Nbd2 Nc6 10. Qe2 a5 11. Rfd1 a4 12. Ne5 a3 13. Nxc6 Bxc6 14. Bc3 Qc7 15. Nf3 Rfc8 16. Rac1 Nd7 17. Ba1 Qb7 18. Ne1 c4 19. bxc4 dxc4 20. e4 Nf6 21. d5 exd5 {Tikhonov,V (2130)-Kobo,O (2498) Chess.com INT 2021 1-0 (41)}) 7... d4 8. e3 dxe3 9. fxe3 Be7 10. Nc3 O-O 11. Qc2 Nc6 12. a3 Qd7 13. Rad1 Ng4 14. Ne2 f5 15. Nf4 Bf6 16. Bxf6 Rxf6 17. Qc3 Qe7 18. d4 cxd4 19. exd4 Qxa3 20. Ng5 Qa5 21. b4 Qxb4 22. Qxb4 Nxb4 23. Bxb7 Rb8 24. Bf3 Ne3 25. Ngxe6 h6 26. h4 Rc8 27. Rb1 Nxf1 28. Rxb4 Ne3 29. c5 bxc5 30. dxc5 Rf7 31. Bb7 Re8 32. c6 g5 33. hxg5 hxg5 34. Nxg5 Rfe7 35. Nge6 1-0

[Event "Chess.com Rapid Wk6 Swiss"]
[Site "Chess.com INT"]
[Date "2022.03.19"]
[Round "8"]
[White "Grischuk, Alexander"]
[Black "Robson, Ray"]
[Result "1-0"]
[WhiteElo "2758"]
[BlackElo "2676"]
[PlyCount "81"]
[EventDate "2022.03.19"]
[EventType "swiss (rapid)"]
[EventRounds "9"]
[EventCountry "USA"]
[SourceTitle "CBM 207 Extra"]
[Source "ChessBase"]
[SourceDate "2022.05.31"]
[SourceVersion "1"]
[SourceVersionDate "2022.05.31"]
[SourceQuality "1"]

1. Nf3 d5 2. g3 g6 3. Bg2 Bg7 4. O-O c5 5. d3 Nf6 6. Nc3 Nc6 7. e4 O-O 8. Bf4 ({RR} 8. Nxd5 Nxd5 9. exd5 Qxd5 10. Nd2 Qd7 11. a4 Qc7 12. Ne4 b6 13. a5 Bb7 14. a6 Bc8 15. Re1 Bf5 16. Nc3 Rad8 17. Nd5 Qd7 18. Bg5 Rfe8 19. Qd2 f6 20. Bh6 Nd4 21. Bxg7 Kxg7 22. Ne3 Bh3 {Movsesian,S (2642)-Laznicka,V (2608) Ostrava 2007 1-0 (72)}) 8... dxe4 ({RR} 8... d4 9. Ne2 Ne8 10. e5 Nc7 11. Qd2 Bg4 12. Bh6 Bxf3 13. Bxf3 Nxe5 14. Bxb7 Rb8 15. Bg2 Rxb2 16. Bxg7 Kxg7 17. Rfb1 Qb8 18. Qc1 Rb6 19. a4 Ne6 20. a5 Rb4 21. Rxb4 cxb4 22. Qb2 Qd6 23. Ra4 {Grutter,T (2417)-Tari,A (2621) chess.com INT 2025 0-1 (51)}) 9. dxe4 Be6 $146 ({RR} 9... Qa5 10. Qe2 Rd8 11. Rfd1 Rxd1+ 12. Rxd1 Nh5 13. e5 Nxf4 14. gxf4 Bg4 15. h3 Bh5 16. Rd7 Rb8 17. a3 Bh6 18. e6 f5 19. Nd5 Bf8 20. Qe3 Bxf3 21. Qxf3 Qe1+ 22. Kh2 Qxe6 23. Rc7 Qd6 24. Qb3 {Koronczai,C (1088)-Bod,M (1131) Budapest 2019 1-0}) 10. h3 Qc8 11. Kh2 Rd8 12. Qc1 Nd4 13. Ng5 Bc4 14. Re1 h6 15. Nf3 g5 16. Be3 Be6 17. Nd2 Qc7 18. f4 Nh5 19. Rf1 Kh7 20. Qd1 Nxg3 21. Kxg3 gxf4+ 22. Bxf4 Be5 23. Bxe5 Qxe5+ 24. Kf2 Rg8 25. Bf3 Qg3+ 26. Ke3 Qg5+ 27. Kd3 Nc6 28. Nd5 Ne5+ 29. Ke2 Bxd5 30. exd5 f5 31. c3 Qf4 32. Qc2 Rg3 33. Rf2 Rag8 34. Raf1 c4 35. Bg4 Qe3+ 36. Kd1 Nd3 37. Bxf5+ Kh8 38. Bxd3 cxd3 39. Qa4 Rg1 40. Qd4+ Qxd4 41. cxd4 1-0